Science Quiz

Random Science or Animal Quiz

Sleepy Creatures Quiz Stats

Quiz Updated Apr 17, 2016

Also try: Angry Animals!
Challenge
Share
Tweet
Score 0/25 Timer 05:00
2 Plays Today
animal % Correct
Tiger
99.7%
Hippopotamus
99.2%
Panda
98.5%
Fox
98.4%
Seal
98%
Cat
97.9%
Rabbit
97.7%
Rat
97.4%
Horse
97.2%
Lion
97.1%
Squirrel
97%
Koala
96.6%
Wolf
96.4%
animal % Correct
Dog
95.5%
Ostrich
95.2%
Owl
94.9%
Gorilla
91.8%
Cheetah
90.5%
Otter
89.5%
Chipmunk
89.3%
Hedgehog
87.1%
Baboon
77.4%
Sloth
76.7%
Opossum
70.3%
Red Panda
55.1%

You're not logged in!

Compare scores with friends on all Sporcle quizzes.
Sign Up with Email
OR
Log In

You Might Also Like...

Show Comments

Extras

Top Quizzes Today


Score Distribution

Your Account Isn't Verified!

In order to create a playlist on Sporcle, you need to verify the email address you used during registration. Go to your Sporcle Settings to finish the process.